| 000 | 00538nam a2200193Ia 4500 | ||
|---|---|---|---|
| 005 | 20250923144741.0 | ||
| 008 | 008 250917s9999 xx 000 0 eng d | ||
| 037 | _aTextual | ||
| 040 |
_aDSWL _beng _cDSWL |
||
| 041 |
_aeng _2eng |
||
| 084 |
_aX:9:2.N5z7, K0 _qDSWL |
||
| 245 | 0 | _aCurrent problems of labour in India | |
| 260 |
_aDelhi _b Govt. Of India Manager of Publication _c1960 |
||
| 300 | _aix,524p. | ||
| 365 |
_aINR _b6.50 |
||
| 925 | _g6.50 | ||
| 942 |
_cTEXL _hX:9:2.N5z7, K0 |
||
| 999 |
_c1442887 _d1442887 |
||